000 00740nam a2200205 4500
001 143089
003 ES-MaACL
005 20230906200723.0
007 t|
008 070214s1969 sp r ||||1| spa d
080 _a929 Costa, Joaquín
111 2 _aSemana Cultural Joaquín Costa y Jornada de Hermanamiento (
_n1ª.
_d1969.
_cBarcelona-Monzón)
_9145420
245 1 0 _aSemana Cultural Joaquín Costa y Jornada de Hermanamiento
_b: Barcelona-Monzón.
260 _aMonzón (Huesca) :
_bAyuntamiento de Monzón,
_c1969.
300 _a63 p. :
_bil. ;
_c22 cm.
600 1 4 _aCosta, Joaquín,
_d1846-1911-
_xBiografías
_9172846
710 2 _aMonzón.
_bAyuntamiento.
_9172192
852 _aES-MaACL
_jC-48497
999 _c143089
_d143089